Ephraim Radner, Hosean Wilderness, and the Church in the Post-Christendom West : A Dialogue on the Shape of Waiting /
Ephraim Radner, Hosean Wilderness, and the Church in the Post-Christendom West offers the first monograph-length treatment of the compelling and perplexing contemporary Anglican theologian Ephraim Radner. While unravelling his distinctive approach to biblical hermeneutics and ecclesiology, it querie...
المؤلف الرئيسي:
التنسيق: كتاب الكتروني
اللغة: English
منشور في:
Leiden; Boston :
BRILL,
2020.
سلاسل:
Studies in Systematic Theology;
22.
Religious Studies, Theology and Philosophy E-Books Online, Collection 2020, ISBN: 9789004419094.
الموضوعات:
الوصول للمادة أونلاين: Login to view Source
الوسوم: إضافة وسم
رقم الطلب: BR1
| LEADER | 02486nam a22004571i 4500 | ||
|---|---|---|---|
| 001 | BRILL9789004420212 | ||
| 003 | nllekb | ||
| 005 | 20210602095021.0 | ||
| 006 | m d | ||
| 007 | cr un uuuua | ||
| 008 | 200210s2020 ne sb 001 0 eng d | ||
| 020 | |a 9789004420212 |q (electronic book) | ||
| 020 | |a 9789004420205 |q (print) | ||
| 024 | 7 | |a 10.1163/9789004420212 |2 DOI | |
| 035 | |z (OCoLC)1129788992 | ||
| 040 | |a NL-LeKB |c NL-LeKB |e rda | ||
| 050 | 4 | |a BR1 | |
| 072 | 7 | |a HRCM |2 bicssc | |
| 072 | 7 | |a REL |x 067000 |2 bisacsh | |
| 082 | 0 | 4 | |a 230.05 |2 23 |
| 100 | 1 | |a Erickson, Amy J., |e author. | |
| 245 | 1 | 0 | |a Ephraim Radner, Hosean Wilderness, and the Church in the Post-Christendom West : |b A Dialogue on the Shape of Waiting / |c Amy J. Erickson. |
| 246 | 3 | |a A Dialogue on the Shape of Waiting | |
| 264 | 1 | |a Leiden; |a Boston : |b BRILL, |c 2020. | |
| 300 | |a 1 online resource. | ||
| 336 | |a text |b txt |2 rdacontent | ||
| 337 | |a computer |b c |2 rdamedia | ||
| 338 | |a online resource |2 rdacarrier | ||
| 490 | 1 | |a Studies in Systematic Theology; |v 22 | |
| 490 | 1 | |a Religious Studies, Theology and Philosophy E-Books Online, Collection 2020, ISBN: 9789004419094 | |
| 520 | |a Ephraim Radner, Hosean Wilderness, and the Church in the Post-Christendom West offers the first monograph-length treatment of the compelling and perplexing contemporary Anglican theologian Ephraim Radner. While unravelling his distinctive approach to biblical hermeneutics and ecclesiology, it queries the state of today's secularized church through a theological interpretation of an equally enigmatic writer: the prophet Hosea. It concludes that an eschatological posture of waiting and a heuristic of poesis should dictate the church's shape for an era in which God is stripping the church of its foregoing institutional forms. | ||
| 588 | |a Description based on print version record. | ||
| 650 | 0 | |a Theology. | |
| 650 | 0 | |a Christianity. | |
| 776 | 0 | 8 | |i Print version: |t Ephraim Radner, Hosean Wilderness, and the Church in the Post-Christendom West: A Dialogue on the Shape of Waiting, |d Leiden Boston : BRILL, 2020 |w 9789004420205 |
| 830 | 0 | |a Studies in Systematic Theology; |v 22. | |
| 830 | 0 | |a Religious Studies, Theology and Philosophy E-Books Online, Collection 2020, ISBN: 9789004419094. | |
| 856 | 4 | |z DOI: |u http://dx.doi.org/10.1163/9789004420212 | |
| 942 | |c EBOOK | ||
| 952 | |0 0 |1 0 |4 0 |7 1 |9 13007 |a BRILL |b BRILL |d 2021-06-02 |l 0 |r 2021-06-02 00:00:00 |w 2021-06-02 |y EBOOK | ||
| 999 | |c 34461 |d 34461 | ||
